00899nab a22001937a 4500999001500000003000400015005001700019008004100036040000700077100003200084245019100116300001300307505013300320505007200453650002800525650003500553773010400588942001300692 c5777d5777OSt20260105221836.0190514b xxu||||| |||| 00| 0 spa d cPJ 96678aPortillo, Claudia E. 10a“Que sepa coser, que sepa bordar, que sepa abrir la puerta para ir a jugar...” :bel deber de contribución y el impacto del trabajo doméstico y de cuidado /cClaudia E. Portillo. ap. 29-42 aSumario: I. Introducción.— II. Familias y cuidado.— III. Cuidados y deber de contribución.— IV. A modo de conclusión tSi te interesa el texto, comunicate a koha@justierradelfuego.gov.ar 09967aDERECHO DE FAMILIA 0aCODIGO CIVIL Y COMERCIAL914970 0284493222dBuenos Aires : AbeledoPerrot, 1989-tDerecho de familia. N° 115 - Julio 2024z18511201 2udccANA